• 首页
  • 本馆介绍
  • 公告通知
  • 最新文献
  • 馆藏检索
  • 电子资源
  • 读者导购
  • 参考咨询
  • 我的图书馆
  • 登录
  • 详细信息显示
  • 放入我的书架
  • 预约/预借图书
  • 作者相关作品
  • 分类相关作品
  • 丛书相关作品
  • 出版社相关作品

书目信息

  • 表格格式
  • 工作单格式
  • 卡片格式
题名:
世界钢铁
    
 
作者: Warren , 沃伦 著 ;童慎耀 译
分册:  
出版信息: 沈阳   辽宁人民出版社  1979
页数: 332页
开本: 19cm
丛书名:
单 册:
中图分类: F416.3
科图分类:
主题词: 钢铁工业--世界
电子资源:
ISBN:
000 00648nam0 2200241 45
001 0179007927
005 20060808154641.03
010    @dCNY1.00
091    @aCN@b15090.60
100    @a19950714d1979 em y0chiy0121 ea
101 1  @achi@ceng
102    @aCN@b210000
105    @ay z 000yy
200 10 @a世界钢铁@Ashi jie gang tie@f(英)沃伦(K.Warren)著@g童慎耀译
210    @a沈阳@c辽宁人民出版社@d1979
215    @a332页@d19cm
606    @a钢铁工业@y世界
690    @aF416.3@v3
701 A1 @aWarren@bK.@4著
701  1 @a沃伦@Awo lun@bK.@4著
702  0 @a童慎耀@Atong shen yao@4译
801  0 @aCN@bTSSF@c20060808
905    @a10447@dF416.3@e5
    
    世界钢铁/(英)沃伦(K.Warren)著/童慎耀译.-沈阳:辽宁人民出版社,1979
    332页;19cm
    
    
    ISBN :CNY1.00
    
●
相关链接 在E读中查询图书 在五车中查询图书 在当当中查询图书 在豆瓣中查询图书


正题名:世界钢铁     索取号:F416.3/5         预约/预借

序号 登录号 条形码 馆藏地/架位号 状态 备注
1 0092542   000195737   第一样本阅览室/ [索取号:F416.3/5] 在馆    
2 0447418   204474185   密集书库/ [索取号:F416.3/5] 在馆    
唐山师范学院图书馆 欢迎您!
大连网信软件有限公司© 版权所有